[Event "Guwahati op 1st"]
[Site "Guwahati"]
[Date "2022.03.17"]
[Round "6"]
[White "Karthikeyan, Pandian"]
[Black "Singh, Soram Rahul"]
[Result "1-0"]
[WhiteElo "2397"]
[BlackElo "2006"]
[PlyCount "63"]
[EventDate "2022.03.14"]
[EventType "swiss"]
[EventRounds "10"]
[EventCountry "IND"]
[SourceTitle "CBM 207 Extra"]
[Source "ChessBase"]
[SourceDate "2022.05.31"]
[SourceVersion "1"]
[SourceVersionDate "2022.05.31"]
[SourceQuality "1"]

1. d4 d5 2. c4 e6 3. Nc3 Nf6 4. cxd5 exd5 5. Bg5 c6 6. e3 Nbd7 7. Bd3 Be7 8. Nge2 Nh5 9. Bxe7 Qxe7 10. Qd2 g6 11. 0-0 0-0 12. f3 Nb6 13. e4 Be6 14. e5 f6 15. g4 Ng7 16. Rae1 f5 17. h3 Qh4 18. Kg2 fxg4 19. hxg4 Bxg4 20. fxg4 Qxg4+ 21. Ng3 Qxd4 22. Nce2 Qxe5 23. Ng1 Qd4 24. Nf3 Qg4 25. Ne5 Qh4 26. Bxg6 Nc4 27. Nxc4 hxg6 28. Ne5 Nh5 29. Nxh5 Qxh5 30. Rh1 Qf5 31. Re2 Qf4 32. Rh8+ 1-0

[Event "Dhaka Marcel 1st Division"]
[Site "Dhaka"]
[Date "2019.11.13"]
[Round "2.1"]
[White "Singh, Soram Rahul"]
[Black "Md Emdadul, Haque"]
[Result "1-0"]
[WhiteElo "2104"]
[BlackElo "2070"]
[PlyCount "87"]
[EventDate "2019.11.12"]
[EventType "team-tourn"]
[EventRounds "9"]
[EventCountry "BAN"]
[SourceTitle "CBM 193 Extra"]
[Source "ChessBase"]
[SourceDate "2020.01.31"]
[SourceVersion "1"]
[SourceVersionDate "2020.01.31"]
[SourceQuality "1"]
[WhiteTeam "Dhaka Knight's CC"]
[BlackTeam "Shahin CC"]
[WhiteTeamCountry "BAN"]
[BlackTeamCountry "BAN"]

1. d4 Nf6 2. c4 e6 3. Nc3 d5 4. cxd5 exd5 5. Bg5 Be7 6. e3 c6 7. Bd3 h6 8. Bh4 0-0 9. Qc2 Nbd7 10. Nge2 Re8 11. 0-0 Nf8 12. f3 Ne6 13. Rad1 a6 14. h3 g5 15. Bf2 Ng7 16. e4 dxe4 17. fxe4 g4 18. e5 Nd5 19. Nxd5 cxd5 20. Be3 Bg5 21. Bh7+ Kh8 22. Bxg5 Qxg5 23. Rxf7 Be6 24. Rf2 Rf8 25. Rdf1 Rxf2 26. Rxf2 Qe3 27. Qd3 Qxd3 28. Bxd3 gxh3 29. gxh3 Nh5 30. Kh2 Rg8 31. Nf4 Nxf4 32. Rxf4 Re8 33. Rf6 Kg7 34. Rg6+ Kf7 35. Rxh6 Rg8 36. Rh7+ Rg7 37. Rxg7+ Kxg7 38. Kg3 Kh6 39. Be2 Kg6 40. Bg4 Bg8 41. Kf4 b6 42. h4 a5 43. h5+ Kf7 44. Bf5 1-0

[Event "Barbera del Valles op 42nd"]
[Site "Barbera del Valles"]
[Date "2019.07.10"]
[Round "7"]
[White "Singh, Soram Rahul"]
[Black "Radnai, Adam"]
[Result "0-1"]
[WhiteElo "1934"]
[BlackElo "2309"]
[PlyCount "62"]
[EventDate "2019.07.04"]
[EventType "swiss"]
[EventRounds "9"]
[EventCountry "ESP"]
[SourceTitle "CBM 191 Extra"]
[Source "ChessBase"]
[SourceDate "2019.09.30"]
[SourceVersion "1"]
[SourceVersionDate "2019.09.30"]
[SourceQuality "1"]

1. d4 d5 2. c4 c6 3. Nc3 dxc4 4. e4 b5 5. a4 b4 6. Nce2 e6 7. Nf3 h5 8. Bg5 Qa5 9. h4 Ba6 10. Qc2 Nd7 11. Bd2 c5 12. d5 exd5 13. exd5 Ngf6 14. Nf4 Bd6 15. Ne6 fxe6 16. Qg6+ Kd8 17. dxe6 Re8 18. Ng5 Re7 19. 0-0-0 Ne5 20. Qf5 Nd3+ 21. Bxd3 cxd3 22. b3 Kc8 23. Nf7 Qc7 24. Kb1 Bb7 25. Rc1 Bd5 26. Bxb4 Rxf7 27. exf7+ Kb7 28. f3 Qb6 29. Qxd3 Qxb4 30. Rhd1 Bxf7 31. Rc3 Be5 0-1

[Event "Barbera del Valles op 42nd"]
[Site "Barbera del Valles"]
[Date "2019.07.04"]
[Round "1"]
[White "Hernandez, Cristian Andres"]
[Black "Singh, Soram Rahul"]
[Result "1-0"]
[WhiteElo "2355"]
[BlackElo "1934"]
[PlyCount "91"]
[EventDate "2019.07.04"]
[EventType "swiss"]
[EventRounds "9"]
[EventCountry "ESP"]
[SourceTitle "CBM 191 Extra"]
[Source "ChessBase"]
[SourceDate "2019.09.30"]
[SourceVersion "1"]
[SourceVersionDate "2019.09.30"]
[SourceQuality "1"]

1. d4 d5 2. c4 e6 3. Nc3 Nf6 4. cxd5 exd5 5. Bg5 c6 6. Qc2 Nbd7 7. e3 Be7 8. Bd3 Nh5 9. Bxe7 Qxe7 10. Nge2 g6 11. 0-0-0 Nb6 12. h3 Be6 13. g4 Ng7 14. Nf4 0-0-0 15. Kb1 Kb8 16. f3 c5 17. dxc5 Qxc5 18. Nb5 Qxc2+ 19. Kxc2 Rde8 20. Nd4 Bd7 21. Kd2 Re5 22. b3 Ne8 23. h4 Nd6 24. Rc1 Rhe8 25. Rhe1 h6 26. a4 g5 27. hxg5 hxg5 28. Nh5 Rc8 29. Nf6 Ne8 30. Nxd7+ Nxd7 31. Rxc8+ Kxc8 32. Rh1 Nd6 33. Rh6 Kc7 34. Rh7 Nf6 35. Rg7 Nfe8 36. Rg8 Nf6 37. Rh8 Re8 38. Rh6 Nd7 39. Rh7 Nf6 40. Nb5+ Nxb5 41. Rxf7+ Kb8 42. Rxf6 Nc7 43. Rg6 Ne6 44. Bf5 Nc5 45. b4 Nxa4 46. Bd7 1-0

[Event "IND-ch Challengers 54th"]
[Site "Noida"]
[Date "2016.07.10"]
[Round "3"]
[White "Singh, Soram Rahul"]
[Black "Laxman, Rajaram"]
[Result "0-1"]
[WhiteElo "1994"]
[BlackElo "2389"]
[PlyCount "76"]
[EventDate "2016.07.09"]
[EventType "swiss"]
[EventRounds "13"]
[EventCountry "IND"]
[SourceTitle "CBM 173 Extra"]
[Source "ChessBase"]
[SourceDate "2016.08.29"]
[SourceVersion "1"]
[SourceVersionDate "2016.08.29"]
[SourceQuality "1"]

1. d4 Nf6 2. c4 e6 3. Nc3 Bb4 4. Qc2 Nc6 5. Nf3 d6 6. Bd2 0-0 7. a3 Bxc3 8. Bxc3 Qe7 9. e3 e5 10. d5 Nb8 11. Nd2 c6 12. dxc6 Nxc6 13. Be2 d5 14. cxd5 Nxd5 15. 0-0 Nxc3 16. Qxc3 Bf5 17. b4 Rac8 18. Qb2 Rc7 19. Rac1 Rfc8 20. Nb3 Bg6 21. h3 e4 22. Rfd1 h6 23. Rc5 b6 24. Rc2 Ne5 25. Rxc7 Rxc7 26. Rc1 Nd3 27. Rxc7 Qxc7 28. Qd2 Qc4 29. Nd4 Qd5 30. f4 a5 31. Qc3 Kh7 32. g4 axb4 33. axb4 f5 34. Qc7 fxg4 35. hxg4 Qa2 36. Qxb6 Qd2 37. f5 Qxe3+ 38. Kh1 Qh3+ 0-1